El precursor don Antonio Nariño / (Registro nro. 6598)
[ vista simple ]
| 000 -LEADER | |
|---|---|
| fixed length control field | 01438nam a22002777a 4500 |
| 003 - CONTROL NUMBER IDENTIFIER | |
| control field | OSt |
| 005 - DATE AND TIME OF LATEST TRANSACTION | |
| control field | 20200225161245.0 |
| 008 - FIXED-LENGTH DATA ELEMENTS--GENERAL INFORMATION | |
| fixed length control field | 200225s2004 ck o|||er|||| 00| 0bspa d |
| 020 ## - INTERNATIONAL STANDARD BOOK NUMBER | |
| International Standard Book Number | 9588040361 |
| 020 ## - INTERNATIONAL STANDARD BOOK NUMBER | |
| Qualifying information | 9588040191 (Colección) |
| 040 ## - CATALOGING SOURCE | |
| Original cataloging agency | CO-JMCR |
| Transcribing agency | CO-JMCR |
| 041 0# - LANGUAGE CODE | |
| Language code of text/sound track or separate title | spa |
| 082 04 - DEWEY DECIMAL CLASSIFICATION NUMBER | |
| Classification number | 923.5861 / |
| Item number | D277p |
| 100 1# - MAIN ENTRY--PERSONAL NAME | |
| Personal name | Díaz Díaz, Oswaldo, |
| Relator term | autor |
| 9 (RLIN) | 919 |
| 245 13 - TITLE STATEMENT | |
| Title | El precursor don Antonio Nariño / |
| Statement of responsibility, etc. | Oswaldo Díaz Díaz |
| 250 ## - EDITION STATEMENT | |
| Edition statement | Primera edición |
| 260 ## - PUBLICATION, DISTRIBUTION, ETC. | |
| Place of publication, distribution, etc. | Bogotá : |
| Name of publisher, distributor, etc. | Academia Colombiana de Historia, |
| Date of publication, distribution, etc. | 2004 |
| 300 ## - PHYSICAL DESCRIPTION | |
| Extent | 109 páginas : |
| Other physical details | fotografías a blanco y negro, láminas a color ; |
| Dimensions | 17 cm. |
| 490 0# - SERIES STATEMENT | |
| Series statement | Bolsilibros ; |
| Volume/sequential designation | 55 |
| 500 ## - GENERAL NOTE | |
| General note | Incluye datos biográficos del autor en solapa posterior. |
| 504 ## - BIBLIOGRAPHY, ETC. NOTE | |
| Bibliography, etc. note | Bibliografía: página [113] |
| 505 0# - FORMATTED CONTENTS NOTE | |
| Formatted contents note | La época -- Los padres -- Cargos en la administración -- La tertulia -- Los pasquines -- En busca de ayuda para la independencia -- La segunda prisión -- Por tercera vez en prisiones -- Antecedentes de la revolución del 20 de julio -- Ante la revolución triunfante -- comienzan las guerras civiles -- La independencia absoluta de Cundinamarca -- Auxilios a Bolívar para la campaña admirable -- La entrega y la cuarta prisión -- Esos cinco años -- En el poder otra vez |
| 650 14 - SUBJECT ADDED ENTRY--TOPICAL TERM | |
| Source of heading or term | Antonio Nariño |
| General subdivision | Escritos políticos |
| Chronological subdivision | 1765-1823 |
| 9 (RLIN) | 920 |
| 650 14 - SUBJECT ADDED ENTRY--TOPICAL TERM | |
| Topical term or geographic name entry element | Antonio Nariño |
| General subdivision | Pensamiento político |
| Chronological subdivision | 1765-1823 |
| 9 (RLIN) | 921 |
| 942 ## - ADDED ENTRY ELEMENTS (KOHA) | |
| Source of classification or shelving scheme | Dewey Decimal Classification |
| Koha item type | Books |
| Withdrawn status | Lost status | Source of classification or shelving scheme | Damaged status | Not for loan | Collection code | Home library | Current library | Shelving location | Date acquired | Source of acquisition | Cost, normal purchase price | Total Checkouts | Full call number | Barcode | Date last seen | Date last checked out | Copy number | Price effective from | Koha item type |
|---|---|---|---|---|---|---|---|---|---|---|---|---|---|---|---|---|---|---|---|
| Dewey Decimal Classification | Non-fiction | Biblioteca Pública José María del Castillo y Rada | Biblioteca Pública José María del Castillo y Rada | Processing Center | 05/25/2019 | Donación | 0.00 | 2 | 923.5861 / D277p | 201809912 | 05/16/2024 | 08/24/2023 | Ej.1 | 02/25/2020 | Books |